| 000 | 00942nam a22003017a 4500 | ||
|---|---|---|---|
| 001 | 6614 | ||
| 003 | FISKH | ||
| 005 | 20250513115514.0 | ||
| 008 | 250513b cb ||||| |||| 00| 0 eng d | ||
| 020 | _a9780531070406 | ||
| 040 |
_aFISKH _beng _cFISKH _dFISKH |
||
| 050 | _aPZ7.J629 D | ||
| 082 | _a108 | ||
| 100 |
_aJohnson, Angela _d (1961–) |
||
| 245 |
_aDo like Kyla / _cBy Angela Johnson ; Paintings by James E.Ransom |
||
| 250 | _aThis edition first published in 1990 | ||
| 260 |
_aNew York : _bScholastic, _c1990 |
||
| 300 |
_a27 unnumbered pages : _bcolor illustrations ; _c23 x 26 cm |
||
| 505 | _aL | ||
| 520 | _aA little girl imitates her big sister Kyla all day, until in the evening Kyla imitates her. | ||
| 521 | 8 |
_a510
_bLexile |
|
| 521 | 8 |
_aL
_bRaz-Plus |
|
| 650 |
_2Fiction _aPicture book |
||
| 650 |
_2Family _aWinter |
||
| 700 |
_aE.Ransome, James _dillustrator |
||
| 942 |
_2ddc _cBK _n0 |
||
| 999 |
_c6614 _d6614 |
||